Normal view
MARC view
- الرقابة الادارية-معالجة البيانات-مراجعة الحسابات-نظم المعلومات المحاسبية
Entry Topical Term
001 - CONTROL NUMBER
- control field: 29407
003 - CONTROL NUMBER IDENTIFIER
- control field: JO-AjAnu
005 - DATE AND TIME OF LATEST TRANSACTION
- control field: 20230606074955.0
008 - FIXED-LENGTH DATA ELEMENTS
- fixed length control field: 230606|| aca||aabn | a|a d
040 ## - CATALOGING SOURCE
- Original cataloging agency: JO-AjAnu
- Transcribing agency: JO-AjAnu
150 ## - HEADING--TOPICAL TERM
- Topical term or geographic name entry element: الرقابة الادارية-معالجة البيانات-مراجعة الحسابات-نظم المعلومات المحاسبية
670 ## - SOURCE DATA FOUND
- Source citation: Work cat.: (JO-AjAnu)15098: الحسبان،عطاالله احمد سويلم, author 29406, الرقابة الداخلية والتدقيق في بيئة تكنولوجيا المعلومات